000 00287nam a22001337a 4500
008 171228b xxu||||| |||| 00| 0 eng d
020 _a071549052676
041 _aeng
080 _a574
100 _a9
101 _aMJE
245 _aTHE WORLD OF TREES
_cWALHEIM,L
942 _2udc
_cBK
999 _c39567
_d39567